• 首页
  • 本馆介绍
  • 公告通知
  • 最新文献
  • 馆藏检索
  • 电子资源
  • 读者导购
  • 参考咨询
  • 我的图书馆
  • 登录
  • 详细信息显示
  • 放入我的书架
  • 预约/预借图书
  • 作者相关作品
  • 分类相关作品
  • 丛书相关作品
  • 出版社相关作品

书目信息

  • 表格格式
  • 工作单格式
  • 卡片格式
题名:
虚构的犹太民族
    
 
作者: 桑德 著 ;王岽兴 , 张蓉 译
分册:  
出版信息: 上海   上海三联书店  2012.08
页数: 27,402页
开本: 23cm
丛书名:
单 册:
中图分类: K18
科图分类:
主题词: 犹太人--民族历史--研究 , 犹太人 , 民族历史
电子资源:
ISBN: 978-7-5426-3823-6
000 01008nam0 2200289 450
001 010050013516
005 20130627094817.92
010    @a978-7-5426-3823-6@dCNY49.00
100    @a20120919d2012 em y0chiy50 ea
101 1  @achi@cheb
102    @aCN@b310000
105    @ay z 000yy
106    @ar
200 1  @a虚构的犹太民族@9xu gou de you tai min zu@dThe invention of the Jewish people@f(以色列)施罗默·桑德(Shlomo Sand)著@g王岽兴,张蓉译@zeng
210    @a上海@c上海三联书店@d2012.08
215    @a27,402页@d23cm
330    @a本书主要内容包括:制造民族:主权和平等;神话与历史混合的史学:起初,上帝创造人民;虚构的流亡:改宗和皈依等。
510 1  @aInvention of the Jewish people@zeng
606 0  @a犹太人@x民族历史@x研究
606 0  @a犹太人
606 0  @a民族历史
690    @aK18@v5
701  0 @c(以色列)@a桑德@9sang de@c(Sand,Shlomo)@4著
702  0 @a王岽兴@9wang dong xing@4译
702  0 @a张蓉@9zhang rong@4译
801  0 @aCN@bRENTIAN@c20120919
905    @b546635-39@dK18@e203@f5
    
    虚构的犹太民族=The invention of the Jewish people/(以色列)施罗默·桑德(Shlomo Sand)著/王岽兴,张蓉译.-上海:上海三联书店,2012.08
    27,402页;23cm
    
    
    ISBN 978-7-5426-3823-6:CNY49.00
    本书主要内容包括:制造民族:主权和平等;神话与历史混合的史学:起初,上帝创造人民;虚构的流亡:改宗和皈依等。
●
相关链接 在E读中查询图书 在五车中查询图书 在当当中查询图书 在豆瓣中查询图书


正题名:虚构的犹太民族     索取号:K18/203         预约/预借

序号 登录号 条形码 馆藏地/架位号 状态 备注
1 546635   205466351   第二样本阅览室/ [索取号:K18/203] 在馆    
2 546636   205466360   第二借阅区/ [索取号:K18/203] 在馆    
3 546637   205466379   第二借阅区/ [索取号:K18/203] 在馆    
4 546638   205466388   第二借阅区/ [索取号:K18/203] 在馆    
5 546639   205466397   第二借阅区/ [索取号:K18/203] 在馆    
唐山师范学院图书馆 欢迎您!
大连网信软件有限公司© 版权所有